|
|
|
|
| LEADER |
00000nam a22000007a 4500 |
| 005 |
20220516212433.0 |
| 007 |
cr|||| |||| |
| 008 |
220516s2021 br |||||s|||| 00||0 por d |
| 020 |
|
|
|a 978-65-89888-20-8
|
| 035 |
|
|
|a 36407
|
| 040 |
|
|
|a vLex
|
| 090 |
|
|
|c 13344
|d 13344
|
| 100 |
1 |
|
|a Nobre Rocha, Thiago Maia
|
| 245 |
1 |
0 |
|a Praticidade fiscal nas presunė̳s tributr̀ias
|h [Recurso electrn̤ico] /
|c Thiago Maia Nobre Rocha
|
| 256 |
|
|
|a Servicio en ln̕ea
|
| 260 |
|
|
|a San Pablo:
|b Editora Noeses,
|c 2021
|
| 300 |
|
|
|a 1 recurso electrn̤ico
|
| 500 |
|
|
|a Descreve as presunė̳s como instrumentos implementadores da praticidade fiscal, para tornar a execuȯ̂ das normas tributr̀ias mais simples, de modo a atender a um nm︢ero maior de pessoas e situaė̳s, facilitando a administraȯ̂, a fiscalizaȯ̂ e a arrecadaȯ̂ tributr̀ia. O Autor ressalta que as presunė̳s (como normas jurd̕icas que pretendem garantir a praticidade fiscal) podem e devem ser limitadas por valores insculpidos (expressa ou implicitamente) no texto constitucional; estes denotam verdadeiros limites no sentido de tornar a legislaȯ̂ tributr̀ia mais igualitr̀ia, eficiente e exequv̕el. Para tanto, percorre temas atuais e de grande relevo na atual sistemt̀ica tributr̀ia, como as presunė̳s, a praticidade fiscal, as limitaė̳s e o controle de eventuais excessos.
|
| 506 |
1 |
|
|a Disponible solo en los productos indicados
|d vLex Global
|d vLex Global (Academic Edition, excluding Law Schools)
|d vLex Global (U.S. Academic Edition, Law Schools)
|d vLex Global (U.S. Academic Edition, excluding Law Schools)
|d vLex Global (Academic Edition, Law Schools)
|
| 650 |
0 |
4 |
|a Derecho Tributario
|z Brasil
|
| 740 |
0 |
|
|a vLex Libros (Servicio en ln̕ea)
|
| 856 |
4 |
0 |
|u https://app.vlex.com/#/sources/36407
|z Acceso restringido
|
| 942 |
|
|
|c BOOK
|
| 999 |
0 |
|
|a Tax Law
|